00992cam a22002773a 4500001000500000005001700005020001700022040003000039050001500069082000800084100001700092245005300109260003400162300004000196490004600236500002600282505000800308520023900316521002000555521002000575650002200595650002500617650002000642650002200662655003000684110120231124105038.0 a078073004997 aWIQcWIQdOCLCQdDLCbeng00aPZ7.M47396 aFic1 aMazer, Anne.10aGood things come in small packages /cAnne Mazer aNew York :bScholastic,c2003 a101 pages :billustrations ;c20 cm1 aThe amazing days of Abby Hayes ;vBook 12 a"An Apple paperback." aJ  aAbby's teacher has to leave school for a few weeks and leaves Abby in charge of the gift box project. When the mean substitute teacher won't let Abby make announcements about it, she and her new friend Hannah must think of a solution.0 a460 bLexile 1 aJ bRaz-Plus  0aSchoolsvFiction. 0aFriendshipvFiction. 0aGirlsvFiction. 0aDiariesvFiction. 7aChildren's stories.2lcsh